| 000 | 00683nam a22002055i 4500 | ||
|---|---|---|---|
| 001 | 170196 | ||
| 003 | ES-MaACL | ||
| 005 | 20230906214321.0 | ||
| 008 | 090211s1978 sp |||| | spa d | ||
| 080 | _a908(467.32 Peñíscola) | ||
| 080 | _a27"1378/1417" | ||
| 100 | 1 |
_aCano García, Juan. _9139412 |
|
| 245 | 1 | 0 |
_aPeñíscola _b: el papa Luna y el Cisma de Occidente / _c[Juan Cano García]. |
| 250 | _a3ª ed. | ||
| 260 |
_aCastellón : _b[s.n., _c1978] |
||
| 300 |
_a27 p. : _bil. ; _c18 cm. |
||
| 650 | 1 | 4 |
_aCisma de Occidente. _9139413 |
| 651 | 4 |
_aPeñíscola- _xDescripción. _9139414 |
|
| 852 |
_aES-MaACL _j2247-F-11 _9R.140999 _z.- Biblioteca Jacinto Martínez Lacalle |
||
| 999 |
_c170196 _d170196 |
||